| 000 | 00378cam a2200133ua 4500 | ||
|---|---|---|---|
| 041 |
_ahin _h |
||
| 082 |
_a891.43 _bHAS/PR |
||
| 100 | _aHariprasad, trivedi . | ||
| 245 |
_aPrachin barat ke kalamak vinod / _cHarasari prasad trivedi. _hTextual Documents |
||
| 260 |
_aMumbai : _bhindi- Grand ratnakar Karyalay , _c1952. |
||
| 300 | _a164 ; . | ||
| 504 | _a | ||
| 999 |
_c12273 _d12273 |
||